00595pab a2200169 454500008004000000100001800040245012700058260000900185300001300194362000800207650002400215650001900239773003600258909001000294999001700304952010400321180718b1998 xxu||||| |||| 00| 0 eng d aDiwakar, G.D. aRelevancy of the thoughts of Baba Saheb Dr. B.R. Ambedkar on small holdings in India and their remedies in present context c1998 ap.431-35 aOct aAgriculture - India aAmbedkar, B.R. aAgricultural Situation in India a41892 c41892d41892 00104070aIIPAbIIPAd2018-07-19hVolume no: 55, Issue no: 7pAR42269r2018-07-19w2018-07-19yAR